[Event "Druzynowe Mistrzostwa Polski - II liga"]
[Site "Dom Wczasowy VIS Jastrzebia Gora"]
[Date "1899-12-30"]
[Round "1.59"]
[White "Puczylowski, Marcin"]
[Black "Szydelko, Michal"]
[Result "1-0"]
[WhiteTitle "k"]
[BlackTitle "I++"]
[WhiteElo "2106"]
[BlackElo "1699"]

1. e4 e5 2. Nf3 Nf6 3. Nxe5 d6 4. Nf3 Nxe4 5. d4 d5 6. Bd3 Bd6 7. O-O O-O 8. Re1
Re8 9. c4 c6 10. Nc3 Nxc3 11. Rxe8+ Qxe8 12. bxc3 dxc4 13. Bxc4 Bg4 14. Bd2 Nd7
15. h3 Bh5 16. g4 Bg6 17. Nh4 Nf6 18. Nxg6 hxg6 19. Qf3 Qe4 20. Kg2 Re8 21. Re1
Qxf3+ 22. Kxf3 Rxe1 23. Bxe1 Nd5 24. Bd2 Kf8 25. Ke4 Nb6 26. Bb3 Ke7 27. c4 Nd7
28. Bc3 g5 29. Bd2 Kf6 30. Be3 Nf8 31. c5 Bc7 32. d5 cxd5+ 33. Bxd5 b6 34. c6
Ng6 35. Bd4+ Ke7 36. Bxg7 f6 37. Bc4 Be5 38. Kf5 Nh4+ 39. Ke4 Kd6 40. Bh6 Ng6
41. Bf7 Nf4 42. h4 Nh3 43. hxg5 Nxf2+ 44. Kf3 Nxg4 45. Kxg4 fxg5 46. Be8 b5 47.
Bxg5 Kc5 48. Be3+ 1-0

[Event "Druzynowe Mistrzostwa Polski - II liga"]
[Site "Dom Wczasowy VIS Jastrzebia Gora"]
[Date "1899-12-30"]
[Round "1.60"]
[White "Trusz, Julia"]
[Black "Kasperek, Joanna"]
[Result "0-1"]
[WhiteTitle "I++"]
[BlackTitle "k++"]
[WhiteElo "1741"]
[BlackElo "2031"]

1. d4 Nf6 2. c4 c5 3. Nf3 cxd4 4. Nxd4 e6 5. g3 Bc5 6. Nb3 Bb4+ 7. Bd2 Bxd2+ 8.
Qxd2 d5 9. Bg2 O-O 10. Nc3 dxc4 11. Qxd8 Rxd8 12. Na5 Nc6 13. Nxc4 Rb8 14. O-O
b5 15. Bxc6 bxc4 16. Bb5 Bd7 17. Rfd1 Bxb5 18. Nxb5 Rxd1+ 19. Rxd1 g6 20. Nc3
Rxb2 21. Rd4 Rc2 22. Nb5 a6 23. Nd6 c3 24. Rc4 Rd2 25. Nb7 Nd5 26. e4 c2 27. Rc8+
Kg7 28. Kg2 Nb4 29. a3 Nd3 0-1

[Event "Druzynowe Mistrzostwa Polski - II liga"]
[Site "Dom Wczasowy VIS Jastrzebia Gora"]
[Date "1899-12-30"]
[Round "1.61"]
[White "Balinski, Damian"]
[Black "Kempinski, Tomasz"]
[Result "1-0"]
[WhiteTitle "k"]
[BlackTitle "FM"]
[WhiteElo "2188"]
[BlackElo "2181"]

1. d4 d5 2. c4 e6 3. Nc3 Nf6 4. Bg5 Nbd7 5. e3 c6 6. cxd5 exd5 7. Qc2 Be7 8. Nf3
O-O 9. Bd3 Re8 10. O-O Nf8 11. Rab1 Ne4 12. Bxe7 Qxe7 13. Bxe4 dxe4 14. Nd2 f5
15. b4 Ng6 16. b5 Qg5 17. Kh1 Nh4 18. Rg1 Re6 19. Ne2 Rh6 20. Nf4 Qd8 21. Qb3+
Kh8 22. Nc4 g5 23. Ne5 Rf6 24. Nh5 Be6 25. Qc3 Bd5 26. Nxf6 Qxf6 27. bxc6 bxc6
28. Rb7 f4 29. Qc5 Nf5 30. Rgb1 fxe3 31. fxe3 Nxe3 32. Qe7 Qxe7 33. Rxe7 Nf5 34.
Rc7 Nxd4 35. Rbb7 Bg8 36. Nf7+ Bxf7 37. Rxf7 e3 38. Rxh7+ Kg8 39. Rhg7+ Kf8 40.
Rh7 Kg8 41. Rxa7 Rb8 42. Rag7+ Kf8 43. Rh8+ Kxg7 44. Rxb8 c5 45. Kg1 c4 46. Rc8
c3 47. Kf1 c2 48. a4 1-0

[Event "Druzynowe Mistrzostwa Polski - II liga"]
[Site "Dom Wczasowy VIS Jastrzebia Gora"]
[Date "1899-12-30"]
[Round "1.62"]
[White "Rusiniak, Slawomir"]
[Black "Zerebiec, Maurycy"]
[Result "1/2-1/2"]
[WhiteTitle "k"]
[BlackTitle "I++"]
[WhiteElo "2122"]
[BlackElo "1885"]

1. d4 d5 2. Nf3 e6 3. Bf4 Bd6 4. Bg3 Nf6 5. e3 O-O 6. Bd3 c5 7. c3 Nc6 8. Nbd2
b6 9. O-O Qc7 10. Bxd6 Qxd6 11. Re1 Bb7 12. Bb5 Nd7 13. e4 cxd4 14. exd5 Qxd5
15. c4 Qh5 16. Bxc6 Bxc6 17. Nxd4 Qxd1 18. Raxd1 Bb7 19. Ne4 Bxe4 20. Rxe4 Nc5
21. Ree1 Rac8 22. b3 g6 23. Kf1 Rfd8 24. Nb5 a6 25. Na7 Rxd1 26. Nxc8 Rd2 27.
Nxb6 Nd3 28. Ra1 Rxf2+ 29. Kg1 Rc2 30. a3 a5 31. Rb1 Nf4 32. b4 Rxg2+ 33. Kh1
axb4 34. axb4 Rc2 35. c5 Ne2 36. Nd7 Nd4 37. Rf1 Rb2 38. Ne5 Rxb4 39. c6 Nxc6
40. Nxc6 Re4 41. Rd1 g5 42. Rd7 h5 43. Nd8 Rf4 44. Kg2 Rf6 45. Re7 Kf8 46. Nc6
Rf5 47. Ra7 Rf4 48. Rb7 Kg7 49. Nd8 Rf6 50. Rc7 Kf8 51. Nc6 g4 52. Ra7 Rf3 53.
Ne5 Rf5 54. Nc6 Rf4 55. h3 Kg7 56. Nd8 gxh3+ 57. Kxh3 Rf6 58. Kh4 Kg6 59. Re7
Rf4+ 60. Kg3 Rg4+ 61. Kf3 Rg5 62. Rxf7 Rd5 63. Rf8 1/2-1/2

[Event "Druzynowe Mistrzostwa Polski - II liga"]
[Site "Dom Wczasowy VIS Jastrzebia Gora"]
[Date "1899-12-30"]
[Round "1.63"]
[White "Grzesik, Norbert"]
[Black "Bartkowiak, Damian"]
[Result "1/2-1/2"]
[WhiteTitle "I++"]
[BlackTitle "k"]
[WhiteElo "1983"]
[BlackElo "2102"]

1. e4 c6 2. d4 d5 3. exd5 cxd5 4. Bd3 Nc6 5. c3 Qc7 6. Bg5 e6 7. Nf3 Bd6 8. Nbd2
Nge7 9. O-O f6 10. Bh4 e5 11. dxe5 fxe5 12. c4 Nb4 13. c5 Nxd3 14. cxd6 Qxd6 15.
Bxe7 Kxe7 16. Qe2 Bf5 17. Nh4 Qf6 18. Nxf5+ Qxf5 19. Nf3 e4 20. Nh4 Qf6 21. Rad1
Nf4 22. Qg4 Rad8 23. Nf5+ Ke6 24. Nxg7+ Ke5 25. Nh5 Nxh5 26. Qxh5+ Qf5 27. Qh6
Qf6 28. f4+ Ke6 29. f5+ Ke7 30. Qe3 Rhg8 31. Qc5+ Qd6 32. Qxa7 Rd7 33. Qd4 Qf6
34. Qc5+ Qd6 35. Rxd5 Qxc5+ 36. Rxc5 Rd2 37. g3 Kf6 38. Rc4 Re8 39. Rb4 e3 40.
Re1 Re7 41. Rb3 Kxf5 42. Rbxe3 Rxe3 43. Rxe3 Rxb2 44. Re7 Kg6 45. Re6+ Kf7 46.
Rh6 Kg7 47. Rd6 b5 48. Ra6 b4 49. h4 Kf7 50. Kf1 Kg7 51. Kg1 Kf7 52. h5 Kg7 53.
h6+ Kf7 54. Kf1 Rh2 55. Kg1 Rb2 56. g4 b3 57. axb3 Rxb3 58. Kg2 Rc3 59. Kh2 Rb3
60. g5 Rb5 1/2-1/2

[Event "Druzynowe Mistrzostwa Polski - II liga"]
[Site "Dom Wczasowy VIS Jastrzebia Gora"]
[Date "1899-12-30"]
[Round "1.64"]
[White "Walkusz, Witoslaw"]
[Black "Rymaszewski, Dariusz"]
[Result "1-0"]
[WhiteTitle "FM"]
[BlackTitle "k"]
[WhiteElo "1904"]
[BlackElo "2050"]

1. d4 Nf6 2. c4 g6 3. Nc3 Bg7 4. e4 d6 5. Be2 O-O 6. Be3 Nc6 7. h4 e5 8. d5 Nd4
9. f3 Nh5 10. g4 Nf4 11. Bxf4 exf4 12. Qd2 c6 13. O-O-O Qa5 14. Kb1 b5 15. dxc6
bxc4 16. Nd5 Qc5 17. Rc1 Ba6 18. Qb4 Nxc6 19. Qxc5 dxc5 20. Bxc4 Bxc4 21. Rxc4
Ne5 22. Rxc5 Nd3 23. Rc2 f5 24. gxf5 gxf5 25. Ne7+ Kh8 26. Nxf5 Ne1 27. Re2 Nd3
28. Nxg7 Kxg7 29. Nh3 Kf6 30. Rd1 Ne5 31. Ng5 Rfd8 32. Red2 Rxd2 33. Rxd2 h6 34.
Rd6+ Kg7 35. Ne6+ Kf7 36. Nxf4 Rg8 37. Rxh6 Rg3 38. Rf6+ Kg8 39. Nd5 Nxf3 40.
Ne7+ Kh8 41. Rh6+ Kg7 42. Nf5+ 1-0

[Event "Druzynowe Mistrzostwa Polski - II liga"]
[Site "Dom Wczasowy VIS Jastrzebia Gora"]
[Date "1899-12-30"]
[Round "1.65"]
[White "Paprocki, Artur"]
[Black "Andrzejewska, Anna"]
[Result "1/2-1/2"]
[WhiteTitle "I"]
[BlackTitle "WCM"]
[WhiteElo "1800"]
[BlackElo "1910"]

1. c4 e6 2. Nc3 d5 3. cxd5 exd5 4. d4 Nf6 5. Bg5 Be7 6. Qc2 O-O 7. e3 c6 8. Bd3
h6 9. Bh4 Re8 10. Nf3 Ne4 11. Bxe7 Qxe7 12. Bxe4 dxe4 13. Nd2 f5 14. O-O Be6 15.
a3 Nd7 16. b4 a6 17. Na4 Bd5 18. Nc5 Nf6 19. Nc4 Bxc4 20. Qxc4+ Nd5 21. Rfe1 Kf7
22. Qc2 g5 23. Rad1 Rad8 24. f3 Nf6 25. fxe4 Nxe4 26. Nxe4 Qxe4 27. Qxe4 Rxe4
28. g3 Ke6 29. Kf2 h5 30. Rc1 h4 31. Rg1 Rh8 32. h3 hxg3+ 33. Rxg3 Reh4 34. Rcg1
R8h5 35. Kg2 Kf6 36. Rf3 Ke6 37. Kf2 Kf6 38. Rgg3 Ke6 39. Ke2 Re4 40. Kd3 Reh4
41. Ke2 f4 42. exf4 gxf4 43. Rg4 Rxh3 44. Rgxf4 Rxf3 45. Rxf3 a5 46. Kd3 axb4
47. axb4 Kd5 48. Rg3 Rf5 49. Rh3 Rg5 50. Rf3 b5 51. Rh3 Rf5 52. Rg3 Rh5 53. Rf3
1/2-1/2

[Event "Druzynowe Mistrzostwa Polski - II liga"]
[Site "Dom Wczasowy VIS Jastrzebia Gora"]
[Date "1899-12-30"]
[Round "1.66"]
[White "Mlynarska, Sylwia"]
[Black "Korosciel, Aneta"]
[Result "1/2-1/2"]
[WhiteTitle "k+"]
[BlackTitle "m"]
[WhiteElo "1922"]
[BlackElo "1956"]

1. d4 Nf6 2. c4 e6 3. Nc3 Bb4 4. Qc2 c5 5. e3 O-O 6. Nf3 Nc6 7. Bd3 d5 8. cxd5
exd5 9. O-O cxd4 10. Nxd4 Nxd4 11. exd4 Be6 12. Be3 Rc8 13. Rac1 h6 14. Qb3 Bd6
15. h3 Qd7 16. Bb5 Qe7 17. Rfe1 Bb8 18. Bf1 Nh5 19. Ne2 Rxc1 20. Rxc1 f5 21. Bd2
Re8 22. Qf3 Nf6 23. Bf4 Ne4 24. Bxb8 Rxb8 25. Qf4 Nd6 26. Nc3 Rc8 27. Re1 Ne4
28. Qe3 Qf7 29. Ne2 Rc2 30. f3 Nd6 31. Nf4 Bd7 32. Qb3 Rc7 33. Qxd5 Qxd5 34. Nxd5
Rc2 35. Re2 Rc1 36. Nc3 Nb5 37. Re7 Nxc3 38. Rxd7 Nxa2 39. Rxb7 a5 40. d5 Nb4
41. Rb5 Rd1 42. Rxa5 Nc2 43. Kf2 Rd2+ 44. Kg3 Ne3 45. Ra1 g5 46. f4 Rxb2 47. Re1
Rb3 48. fxg5 Nxf1+ 49. Kf2 Ng3 50. gxh6 Ne4+ 51. Ke2 Nc3+ 52. Kd3 Nxd5+ 53. Kc4
Re3 54. Rxe3 Nxe3+ 55. Kd4 Nxg2 56. Ke5 f4 57. Ke4 Kh7 58. Kf3 Kxh6 59. Kxg2 Kg5
60. Kf3 Kh4 1/2-1/2

[Event "Druzynowe Mistrzostwa Polski - II liga"]
[Site "Dom Wczasowy VIS Jastrzebia Gora"]
[Date "1899-12-30"]
[Round "1.67"]
[White "Kaczmarek, Aleksander"]
[Black "Dzhuguryan, Tygran"]
[Result "1-0"]
[WhiteTitle "FM"]
[BlackTitle "k+"]
[WhiteElo "2323"]
[BlackElo "2177"]

1. e4 c6 2. d4 d5 3. e5 Bf5 4. Ne2 e6 5. Ng3 Bg6 6. h4 h6 7. h5 Bh7 8. Bd3 Bxd3
9. cxd3 Ne7 10. O-O Na6 11. a3 Nf5 12. Nxf5 exf5 13. Qf3 Qd7 14. Nc3 Nc7 15. Ne2
Be7 16. Re1 O-O-O 17. Bd2 Bg5 18. Ba5 b6 19. Bb4 g6 20. Bd6 Nb5 21. Bb4 a5 22.
a4 Nc7 23. Ba3 Ne6 24. b4 Bd2 25. Reb1 f4 26. Qh3 g5 27. Ra2 Bxb4 28. Bxb4 axb4
29. Rxb4 Kc7 30. Rab2 Rb8 31. Nc3 Rhg8 32. Qg4 Rb7 33. Qd1 Rgb8 34. Qb1 f3 35.
g3 Nf4 36. Kf1 Ng2 37. Kg1 Qh3 38. Qf1 Qf5 39. Qc1 Kd7 40. a5 b5 41. Na4 Nf4 42.
Nc5+ Kd8 43. Nxb7+ Rxb7 44. R4b3 Qh3 45. Qf1 Ne2+ 46. Rxe2 Qxf1+ 47. Kxf1 fxe2+
48. Kxe2 Ra7 49. Ra3 b4 50. Ra4 Kc7 51. Rxb4 Rxa5 52. Rb1 c5 53. dxc5 Rxc5 54.
Ke3 f6 55. exf6 Rc6 56. Rc1 1-0

[Event "Druzynowe Mistrzostwa Polski - II liga"]
[Site "Dom Wczasowy VIS Jastrzebia Gora"]
[Date "1899-12-30"]
[Round "1.68"]
[White "Maj, Andrzej"]
[Black "Kolodziejski, Piotr"]
[Result "0-1"]
[WhiteTitle "k"]
[BlackTitle "k"]
[WhiteElo "2194"]
[BlackElo "2057"]

1. d4 Nf6 2. c4 e6 3. Nc3 Bb4 4. Bg5 h6 5. Bh4 c5 6. d5 exd5 7. cxd5 d6 8. e3 O-O
9. Bd3 Nbd7 10. Nge2 a6 11. O-O b5 12. Ne4 g5 13. Bg3 Nxe4 14. Bxe4 Qe7 15. Bf5
Nf6 16. Qc2 Kg7 17. Bxc8 Rfxc8 18. Rad1 Re8 19. Kh1 Qe4 20. Qb3 Rad8 21. Nc3 Bxc3
22. Qxc3 b4 23. Qd2 Nh5 24. Qe2 Nxg3+ 25. hxg3 Ra8 26. Rfe1 Qe5 27. g4 Ra7 28.
Kg1 f5 29. a4 fxg4 30. Qxg4 Qxb2 31. f4 Qf6 32. Rf1 Qg6 33. Rde1 gxf4 34. Qxf4
Rf7 35. Qc4 Rxf1+ 36. Rxf1 Qe4 37. Qxa6 Qxe3+ 38. Kh1 Qe2 39. Qxe2 Rxe2 40. Ra1
b3 0-1

[Event "Druzynowe Mistrzostwa Polski - II liga"]
[Site "Dom Wczasowy VIS Jastrzebia Gora"]
[Date "1899-12-30"]
[Round "1.69"]
[White "Kejna, Piotr"]
[Black "Jaworski, Maciej"]
[Result "1/2-1/2"]
[WhiteTitle "CM"]
[BlackTitle "k+"]
[WhiteElo "1965"]
[BlackElo "2086"]

1. e4 c5 2. b3 Nc6 3. Bb2 e5 4. Bc4 d6 5. Ne2 a6 6. a4 Qh4 7. Nbc3 Nf6 8. Nd5 Nxd5
9. Bxd5 Be7 10. O-O O-O 11. f4 Be6 12. Bxc6 bxc6 13. d3 Bg4 14. fxe5 Qh5 15. Re1
Bh4 16. h3 Bg5 17. Kh2 dxe5 18. Bc1 Bxc1 19. Rxc1 f5 20. exf5 Rxf5 21. Qd2 Rf2
22. Kg1 Raf8 23. Qe3 Bxe2 24. Qxf2 Rxf2 25. Kxf2 Bf3 26. gxf3 Qxh3 27. Rh1 Qd7
28. Rce1 Qd4+ 29. Kg3 Qf4+ 30. Kf2 h6 31. Re4 Qd2+ 32. Re2 Qc3 33. Rh5 Qd4+ 34.
Kg2 Kh7 35. Rhxe5 Qc3 36. Re6 h5 37. Rxc6 a5 38. Rc7 Kh6 39. Rce7 g6 40. R7e4
Qf6 41. Kf2 Qg5 42. Re1 Qd2+ 43. R4e2 Qf4 44. Rg1 Kg7 45. Rg2 Qc1 46. Kg3 Qg5+
47. Kf2 Qc1 48. Rg1 Qf4 49. Re3 Kf7 50. Rg2 Kf6 51. Re4 Qc1 52. Rc4 Qd2+ 53. Kg3
Qe1+ 54. Kh2 Qe3 55. d4 Qf4+ 56. Kg1 Qc1+ 57. Kh2 Qf4+ 1/2-1/2

[Event "Druzynowe Mistrzostwa Polski - II liga"]
[Site "Dom Wczasowy VIS Jastrzebia Gora"]
[Date "1899-12-30"]
[Round "1.70"]
[White "Matul, Sebastian"]
[Black "Komendecki, Jacek"]
[Result "1/2-1/2"]
[WhiteTitle "I"]
[BlackTitle "k"]
[WhiteElo "1773"]
[BlackElo "1977"]

1. Nf3 c5 2. g3 Nc6 3. Bg2 g6 4. O-O Bg7 5. c4 e6 6. Nc3 Nge7 7. d3 O-O 8. Bg5
h6 9. Bd2 d5 10. cxd5 exd5 11. Rc1 d4 12. Nb1 b6 13. Na3 Be6 14. Nc4 Nd5 15. a4
Qd7 16. Re1 Rab8 17. Qc2 Rfc8 18. Ra1 Kh7 19. Rec1 Bg4 20. Qd1 Qe6 21. Qf1 Qd7
22. h3 Be6 23. Kh2 f5 24. h4 Bf6 25. Rcb1 Rg8 26. Qc1 Qg7 27. Kg1 g5 28. hxg5
hxg5 29. Nh2 Qe7 30. Qf1 Rg6 31. e4 dxe3 32. fxe3 Ndb4 33. Rd1 Rf8 34. Rab1 Qc7
35. Be1 Rh6 36. Qe2 Kg7 37. Nf1 a6 38. Bc3 Nd5 39. Bxf6+ Nxf6 40. Qd2 Rd8 41.
Qc3 Bd5 42. Bxd5 Rxd5 43. Qb3 Nb4 44. e4 fxe4 45. Nce3 exd3 46. Nxd5 Nfxd5 47.
Qc4 Nf6 48. Rd2 Qe5 49. Qc3 Qe4 50. Rh2 Rxh2 51. Kxh2 Nbd5 52. Qd2 Ng4+ 53. Kg1
Qd4+ 54. Kh1 1/2-1/2

[Event "Druzynowe Mistrzostwa Polski - II liga"]
[Site "Dom Wczasowy VIS Jastrzebia Gora"]
[Date "1899-12-30"]
[Round "1.72"]
[White "Zalucka, Emilia"]
[Black "Dmochowska, Agnieszka"]
[Result "1/2-1/2"]
[WhiteTitle "I++"]
[BlackTitle "WFM"]
[WhiteElo "1541"]
[BlackElo "1967"]

1. e4 c5 2. Nf3 Nc6 3. d4 cxd4 4. Nxd4 e5 5. Nb5 d6 6. N1c3 a6 7. Na3 b5 8. Nd5
Nge7 9. c4 Nd4 10. Be3 Nxd5 11. cxd5 g6 12. Bd3 Bg7 13. O-O O-O 14. Nc2 f5 15.
Bxd4 exd4 16. exf5 gxf5 17. Qh5 Bd7 18. Rae1 Rf6 19. Qh4 Qf8 20. Nxd4 Qf7 21.
Bc2 Kh8 22. Ne6 Bxe6 23. dxe6 Rxe6 24. Bb3 Qf6 25. Qh5 Re5 26. Re3 Rf8 27. Rh3
h6 28. Qf3 Rc5 29. Qd3 Rfc8 30. Qd2 f4 31. Rd3 R5c6 32. Rd1 Qxb2 33. Qxb2 Bxb2
34. Rxd6 Rxd6 35. Rxd6 Rc1+ 36. Rd1 Rxd1+ 37. Bxd1 Kg7 38. Kf1 Kf6 39. Ke2 Ke5
1/2-1/2

[Event "Druzynowe Mistrzostwa Polski - II liga"]
[Site "Dom Wczasowy VIS Jastrzebia Gora"]
[Date "1899-12-30"]
[Round "1.73"]
[White "Litner, Igor"]
[Black "Szustakowski, Antoni"]
[Result "0-1"]
[WhiteTitle "I++"]
[BlackTitle "FM"]
[WhiteElo "1978"]
[BlackElo "2311"]

1. d4 Nf6 2. Nf3 e6 3. g3 b5 4. Bg2 Bb7 5. c3 c5 6. O-O Be7 7. Bg5 O-O 8. Nbd2
cxd4 9. Nxd4 Bxg2 10. Kxg2 Qb6 11. e3 Nc6 12. Nxc6 Qxc6+ 13. Qf3 d5 14. Bxf6 Bxf6
15. e4 Rad8 16. exd5 Rxd5 17. Ne4 Be7 18. Rad1 Rfd8 19. g4 Qd7 20. Rxd5 Qxd5 21.
b3 h5 22. gxh5 f5 23. Ng3 Qxf3+ 24. Kxf3 Rd3+ 25. Kg2 Rxc3 26. Re1 Kf7 27. Re2
f4 0-1

[Event "Druzynowe Mistrzostwa Polski - II liga"]
[Site "Dom Wczasowy VIS Jastrzebia Gora"]
[Date "1899-12-30"]
[Round "1.74"]
[White "Paprocki, Antoni"]
[Black "Szewczyk, Mariusz"]
[Result "1/2-1/2"]
[WhiteTitle "k"]
[BlackTitle "k"]
[WhiteElo "2074"]
[BlackElo "2058"]

1. d4 d5 2. c4 c6 3. Nf3 Nf6 4. e3 e6 5. Bd3 Be7 6. Nbd2 O-O 7. e4 dxe4 8. Nxe4
Nbd7 9. O-O Nxe4 10. Bxe4 Nf6 11. Bc2 b6 12. Qd3 c5 13. Bg5 g6 14. Rfd1 Qc7 15.
Qc3 Ng4 16. h3 Bxg5 17. Nxg5 Qh2+ 18. Kf1 Qf4 19. Qd2 Qxd2 20. Rxd2 Nf6 21. dxc5
bxc5 22. Ne4 Nxe4 23. Bxe4 Rb8 24. b3 Bb7 25. Bxb7 Rxb7 26. Rd6 Rb6 27. Rxb6 axb6
28. Rd1 Ra8 29. a4 Kg7 30. Rd7 Rc8 31. Rd6 Rb8 32. Rd7 Rc8 33. Ke2 Rc6 34. Ke3
g5 35. Ke4 Kf6 36. g4 h6 37. f3 Rc8 38. Rd6 Rb8 39. Rd7 Rc8 40. Rd6 Rb8 41. Rc6
Rb7 1/2-1/2

[Event "Druzynowe Mistrzostwa Polski - II liga"]
[Site "Dom Wczasowy VIS Jastrzebia Gora"]
[Date "1899-12-30"]
[Round "1.75"]
[White "Kowalec, Maciej"]
[Black "Skomial, Mateusz"]
[Result "1/2-1/2"]
[WhiteTitle "k"]
[BlackTitle "I++"]
[WhiteElo "2098"]
[BlackElo "2090"]

1. d4 d5 2. c4 e6 3. Nc3 Nf6 4. cxd5 exd5 5. Bg5 c6 6. e3 Bf5 7. Qf3 Bg6 8. Bxf6
gxf6 9. Nge2 Nd7 10. h4 Qa5 11. O-O-O h5 12. Nf4 Bb4 13. Nxg6 fxg6 14. Bd3 Rg8
15. Kb1 Bxc3 16. bxc3 Qxc3 17. g4 hxg4 18. Qxg4 O-O-O 19. Bxg6 f5 20. Qg5 Qb4+
21. Ka1 Qc3+ 22. Kb1 Qb4+ 23. Ka1 Qc3+ 1/2-1/2

[Event "Druzynowe Mistrzostwa Polski - II liga"]
[Site "Dom Wczasowy VIS Jastrzebia Gora"]
[Date "1899-12-30"]
[Round "1.76"]
[White "Kulesza, Andrzej"]
[Black "Rzeszowski, Dominik"]
[Result "1-0"]
[WhiteTitle "I++"]
[BlackTitle "I++"]
[WhiteElo "2014"]
[BlackElo "1855"]

1. e4 e5 2. Nf3 Nc6 3. Bb5 f5 4. d3 fxe4 5. dxe4 Nf6 6. O-O Bc5 7. Bg5 d6 8. Nc3
O-O 9. Nd5 Be6 10. c3 Ne7 11. Bxf6 gxf6 12. Bc4 c6 13. Nxe7+ Qxe7 14. Qb3 Bxc4
15. Qxc4+ Qf7 16. Qe2 f5 17. b4 Bb6 18. Rad1 Rad8 19. a4 Qh5 20. Rfe1 fxe4 21.
Qxe4 Rf4 22. Qe2 Qf7 23. a5 e4 24. Nd4 Bxd4 25. Rxd4 Rf8 26. Rf1 d5 27. c4 Qg7
28. Qd1 dxc4 29. Rd7 Qf6 30. Qe2 Qe6 31. Rxb7 Qd5 32. Rxa7 c3 33. g3 Rf3 34. Re7
e3 35. Rxe3 Rxe3 36. Qxe3 Qc4 37. Rc1 Qxb4 38. Qxc3 Qb5 39. Qc4+ Kg7 40. Qxc6
Qxa5 41. Qc7+ Qxc7 42. Rxc7+ Kg6 43. Kg2 h5 44. h3 Rf5 45. g4 Ra5 46. Rc3 Ra1
47. Rc6+ Kg7 48. Rc5 hxg4 49. hxg4 Ra3 50. f3 Kg6 51. Kg3 Rb3 52. Re5 Rb6 53.
Re3 Ra6 54. f4 Rb6 55. Kh4 Kh6 56. f5 Rb4 57. Re6+ Kg7 58. Kg5 Kf7 59. Ra6 Kg7
60. Ra7+ Kh8 61. Kh5 Rf4 62. Ra5 Rb4 63. g5 Rb7 64. f6 Kg8 65. g6 Rb8 66. Kh6
Kh8 67. Ra7 1-0

[Event "Druzynowe Mistrzostwa Polski - II liga"]
[Site "Dom Wczasowy VIS Jastrzebia Gora"]
[Date "1899-12-30"]
[Round "1.77"]
[White "Powalka, Michal"]
[Black "Marciniak, Leonard"]
[Result "1/2-1/2"]
[WhiteTitle "I++"]
[BlackTitle "I+"]
[WhiteElo "1986"]
[BlackElo "1811"]

1. e4 c5 2. Nf3 Nc6 3. d4 cxd4 4. Nxd4 g6 5. Nc3 Bg7 6. Be3 Nf6 7. Bc4 Qa5 8. O-O
O-O 9. Bb3 d6 10. h3 Bd7 11. f4 Rad8 12. Qd3 Nxd4 13. Bxd4 Bc6 14. f5 Nd7 15.
Bxg7 Kxg7 16. Rf2 Qe5 17. Bd5 Nf6 18. Raf1 e6 19. Bxc6 bxc6 20. Qc4 Rc8 21. fxe6
fxe6 22. Qa4 Rc7 23. Rd1 Qc5 24. Qd4 Qxd4 25. Rxd4 d5 26. exd5 cxd5 27. Re2 Rc6
28. Rb4 a6 29. Rb7+ Rf7 30. Rxf7+ Kxf7 31. Nd1 Ke7 32. c3 Ne4 33. Ne3 Kd6 34.
Nc2 Rb6 35. Nd4 Kc5 36. Nf3 Kd6 37. g4 Rb7 38. Kg2 Re7 39. Re1 Rb7 40. Re2 Rc7
41. Nd4 e5 42. Nc2 Rb7 43. Nb4 a5 44. Nd3 Re7 45. Ne1 Ng5 46. Nc2 Rb7 47. Ne3
Ne6 48. Rd2 Nf4+ 49. Kg3 Kc5 50. g5 Nh5+ 51. Kh2 Nf4 52. h4 e4 53. b3 Nd3 54.
Kg2 Rf7 55. a3 Ne1+ 56. Kh1 Nd3 57. b4+ axb4 58. axb4+ Kd6 59. Ra2 Rf3 60. Ng4
Rf4 61. Ra6+ Kc7 62. Ne3 Rxh4+ 63. Kg1 Nf4 64. Ra5 Kc6 65. c4 d4 66. Rc5+ Kb6
67. Nd5+ Nxd5 68. Rxd5 e3 69. Kf1 Rf4+ 70. Ke1 Kc6 71. Rd8 Rg4 72. Rd5 Rf4 73.
Rd8 Rg4 74. Rd5 Rf4 75. Rd8 1/2-1/2

[Event "Druzynowe Mistrzostwa Polski - II liga"]
[Site "Dom Wczasowy VIS Jastrzebia Gora"]
[Date "1899-12-30"]
[Round "1.78"]
[White "Budkiewicz, Magdalena"]
[Black "Bebnik, Malgorzata"]
[Result "0-1"]
[WhiteTitle "k+"]
[BlackTitle "I++"]
[WhiteElo "1786"]
[BlackElo "1846"]

1. e4 c5 2. Nf3 Nc6 3. d4 cxd4 4. Nxd4 Nf6 5. Nc3 e6 6. Ndb5 Bb4 7. a3 Bxc3+ 8.
Nxc3 d5 9. Bd3 d4 10. Ne2 e5 11. h3 O-O 12. O-O h6 13. Ng3 Qe7 14. b4 a6 15. Bb2
Rd8 16. Qf3 Nh7 17. Rfd1 Rd6 18. c3 Be6 19. Rac1 Rad8 20. cxd4 Nxd4 21. Qe3 Qd7
22. f4 exf4 23. Qxf4 Ng5 24. h4 Ndf3+ 25. Kh1 Rxd3 26. Rf1 Qd6 27. Qxd6 R8xd6
28. hxg5 Nxg5 29. Be5 Rd8 30. Rc7 Rxa3 31. Rxb7 Re3 32. Bf4 Nxe4 33. Bxe3 Nxg3+
34. Kg1 Nxf1 35. Kxf1 Bc4+ 36. Kf2 Bb5 37. Rb6 Rd7 38. g3 Kh7 39. Bf4 Re7 40.
Be3 Re6 41. Rb8 Kg6 42. Rd8 Kh5 43. Rd5+ g5 44. Rf5 Kg6 45. Rd5 Rc6 46. Bc5 Re6
47. Bd6 Re2+ 48. Kg1 Kh5 49. Rd4 f5 50. Bc7 Re4 51. Bb6 Rxd4 52. Bxd4 Kg4 53.
Kf2 f4 54. Be5 h5 55. Bd6 fxg3+ 56. Bxg3 h4 57. Bd6 Kh3 58. Kg1 g4 59. Be7 g3
60. Bf6 Kg4 0-1

[Event "Druzynowe Mistrzostwa Polski - II liga"]
[Site "Dom Wczasowy VIS Jastrzebia Gora"]
[Date "1899-12-30"]
[Round "1.79"]
[White "Bebel, Arkadiusz"]
[Black "Klepek, Witold"]
[Result "0-1"]
[WhiteTitle "FM"]
[BlackTitle "k++"]
[WhiteElo "2253"]
[BlackElo "2182"]

1. Nf3 d5 2. g3 g6 3. Bg2 Bg7 4. O-O e5 5. d3 Ne7 6. c4 O-O 7. cxd5 Nxd5 8. Bg5
Qe8 9. Qb3 Nb6 10. Rc1 Nc6 11. Nc3 Be6 12. Qd1 h6 13. Be3 f5 14. a4 Rd8 15. Qe1
Nd5 16. Nxd5 Bxd5 17. Rc5 Qe6 18. Rac1 e4 19. dxe4 fxe4 20. Nd2 Bxb2 21. Bxh6
Bxc1 22. Rxc1 Rf7 23. Be3 b6 24. h3 Na5 25. Nf1 c5 26. Nh2 Nc4 27. Rxc4 Bxc4 28.
Ng4 Kh7 29. Kh2 Re8 30. Qd2 Qd5 31. Qb2 Qd6 32. Qc2 Ba6 33. h4 Bc8 34. Bh3 Bxg4
35. Bxg4 Qd5 36. Kg2 a6 37. Qb1 Rb8 38. Qh1 Kg8 39. Qh3 Rf6 40. h5 g5 41. Qh1
Kh7 42. Kh3 b5 43. axb5 axb5 44. Qc1 Kh6 45. Qa1 Rbf8 46. f4 exf3 47. exf3 Rxf3
48. Bxf3 Qxf3 49. Bxg5+ Kxh5 50. Bf4 Qg4+ 51. Kh2 Qe2+ 52. Kh3 Re8 53. Qh1 Re4
54. Qa1 Qg4+ 55. Kh2 Re2+ 56. Kg1 Re8 57. Qb1 Qd7 58. Qc2 Kg4 59. Qg6+ Kf3 60.
Qh5+ Ke4 61. Kg2 Re7 62. Qxc5 Qb7 63. Kf1 b4 64. Qc2+ Kd4 65. Qd2+ Kc4 66. Qc2+
Kb5 67. Qf5+ Ka6 68. Qf6+ Ka7 69. Qd4+ Qb6 70. Qb2 Rh7 71. Qe5 Rh1+ 72. Ke2 Qa6+
73. Kf3 Qc6+ 74. Ke2 Qc4+ 75. Kf3 Qc6+ 76. Kg4 Qc8+ 77. Kf3 Qb7+ 78. Kg4 Qd7+
79. Kg5 Qd8+ 80. Kg4 Qd1+ 81. Kf5 Qh5+ 82. Bg5 Rf1+ 83. Ke6 Qe8+ 84. Kd5 Rd1+
0-1

[Event "Druzynowe Mistrzostwa Polski - II liga"]
[Site "Dom Wczasowy VIS Jastrzebia Gora"]
[Date "1899-12-30"]
[Round "1.80"]
[White "Zarnowski, Krzysztof"]
[Black "Solnicki, Michal"]
[Result "1/2-1/2"]
[WhiteTitle "I++"]
[BlackTitle "k"]
[WhiteElo "2050"]
[BlackElo "2144"]

1. d4 Nf6 2. c4 e6 3. Nf3 d5 4. Nc3 Bb4 5. e3 O-O 6. Bd3 dxc4 7. Bxc4 b6 8. O-O
Bb7 9. Ne5 Qe7 10. Qe2 Nbd7 11. Nd3 Bxc3 12. bxc3 Ne4 13. Bb2 c5 14. Nf4 Nd6 15.
Ba6 Bc6 16. a4 Qg5 17. Rfd1 Rfd8 18. f3 e5 19. Nh3 Qh6 20. d5 Bb7 21. Bxb7 Nxb7
22. c4 Re8 23. e4 Nf8 24. Bc3 a5 25. Rab1 Nd7 26. Nf2 Qg6 27. Ng4 h5 28. Ne3 Nd6
29. Qf2 Ra6 30. Qh4 f6 31. Qh3 Re7 32. Re1 Kf8 33. Kf2 Ke8 34. Ke2 Kd8 35. Kd3
Kc7 36. Rb2 Re8 37. Rbe2 Raa8 38. Rb2 Qf7 39. Rbe2 g6 40. Kc2 Rh8 41. Kb3 Rae8
42. Nd1 g5 43. Qg3 1/2-1/2

[Event "Druzynowe Mistrzostwa Polski - II liga"]
[Site "Dom Wczasowy VIS Jastrzebia Gora"]
[Date "1899-12-30"]
[Round "1.82"]
[White "Slezinski, Nikodem"]
[Black "Szwaj, Jacek"]
[Result "0-1"]
[WhiteTitle "I++"]
[BlackTitle "I++"]
[WhiteElo "1985"]
[BlackElo "1893"]

1. d4 Nf6 2. Nf3 g6 3. Bf4 Bg7 4. e3 O-O 5. Be2 d6 6. h3 Nfd7 7. Bh2 e5 8. c3 Nc6
9. O-O f5 10. a4 g5 11. Nfd2 Kh8 12. Na3 Qe7 13. Qb3 Nf6 14. Rfe1 h5 15. Nac4
e4 16. a5 a6 17. Qc2 Bh6 18. Bf1 h4 19. Kh1 Rg8 20. Qd1 g4 21. g3 hxg3 22. Bxg3
Nh5 23. Qe2 Bd7 24. b4 Rg7 25. h4 Rh7 26. Bg2 Bg7 27. Kh2 Bf6 28. Rh1 Bxh4 29.
Bxh4 Qxh4+ 30. Kg1 Qg5 31. Nf1 Ne7 32. Ncd2 d5 33. Ng3 Ng6 34. Nxh5 Rxh5 35. Rxh5+
Qxh5 36. Nf1 Bb5 37. Ng3 Qg5 38. Qb2 Kg7 39. c4 Bxc4 40. Bf1 Bxf1 41. Kxf1 Rf8
42. b5 f4 43. exf4 Nxf4 44. Qc1 Rf7 45. Ra2 Qh4 46. Ra3 Qh2 47. Qc5 Qg2+ 48. Ke1
Qg1+ 49. Kd2 Qxf2+ 50. Kd1 c6 51. Nxe4 0-1